[Event "V4 Liptov 2017"]
[Site "?"]
[Date "2017.06.21"]
[Round "1.1"]
[White "Chwistek, Karel"]
[Black "Hrebicik, David"]
[Result "1-0"]
[BlackElo "1775"]
[WhiteElo "1985"]
[LiveChessVersion "1.4.8"]

1. e4 {[%clk 1:00:57]} c6 {[%clk 1:00:45]} 2. Nc3 {[%clk 1:00:34]} d5
{[%clk 1:00:36]} 3. Qf3 {[%clk 0:58:37]} d4 {[%clk 0:50:23]} 4. Bc4
{[%clk 0:59:00]} Nf6 {[%clk 0:49:29]} 5. e5 {[%clk 0:59:06]} dxc3
{[%clk 0:48:55]} 6. exf6 {[%clk 0:59:10]} cxd2+ {[%clk 0:37:24]} 7. Bxd2
{[%clk 0:59:32]} gxf6 {[%clk 0:37:47]} 8. O-O-O {[%clk 0:59:27]} Nd7
{[%clk 0:36:35]} 9. Qh5 {[%clk 0:53:42]} Ne5 {[%clk 0:31:15]} 10. Bf4
{[%clk 0:51:53]} Bg4 {[%clk 0:24:51]} 11. Bxf7+ {[%clk 0:52:12]} Nxf7
{[%clk 0:24:53]} 12. Rxd8+ {[%clk 0:52:37]} Rxd8 {[%clk 0:25:16]} 13. Qxg4
{[%clk 0:53:04]} e5 {[%clk 0:20:52]} 14. Be3 {[%clk 0:51:45]} Ke7
{[%clk 0:16:16]} 15. Ne2 {[%clk 0:50:50]} b6 {[%clk 0:16:15]} 16. Rd1
{[%clk 0:50:44]} h5 {[%clk 0:15:06]} 17. Qe4 {[%clk 0:48:39]} Rc8
{[%clk 0:11:03]} 18. Nd4 {[%clk 0:45:33]} Nd6 {[%clk 0:10:00]} 19. Nxc6+
{[%clk 0:44:17]} Kd7 {[%clk 0:09:57]} 20. Nxa7 {[%clk 0:43:13]} Ke6
{[%clk 0:08:49]} 21. Qd5+ {[%clk 0:43:27]} 1-0

[Event "V4 Liptov 2017"]
[Site "?"]
[Date "2017.06.21"]
[Round "1.2"]
[White "Bielik, Jakub"]
[Black "Nehyba, Martin"]
[Result "1-0"]
[BlackElo "1944"]
[WhiteElo "1879"]
[LiveChessVersion "1.4.8"]

1. e4 c5 2. Nf3 Nc6 3. Bb5 d6 4. Bxc6+ bxc6 5. O-O Bg4 6. h3 Bh5 7. Re1 e5 8. c3
Nf6 9. d4 cxd4 10. cxd4 exd4 11. e5 dxe5 12. g4 Nxg4 13. Nxe5 Nxe5 14. Rxe5+ Be7
15. Qxh5 O-O 16. Nd2 Bf6 17. Re1 Re8 18. Ne4 d3 19. Bd2 Bxb2 20. Rab1 g6 21. Qf3
Bg7 22. Rb3 f5 23. Rxd3 Qb6 24. Ng3 Rxe1+ 25. Bxe1 Qb1 26. Rd1 Qxa2 27. Qxc6 Rb8
28. Bc3 Qb3 29. Rc1 Bxc3 30. Qxc3 Qxc3 31. Rxc3 a5 32. Ra3 Ra8 33. Nf1 Kf7 34.
Nd2 g5 35. Nc4 a4 36. Kg2 Kf6 37. Nb6 Ra6 38. Nxa4 g4 39. Ra2 Kg5 40. Nc3 Rc6 41.
Nd5 Rc5 42. Rd2 h5 43. Ne3 Rc6 44. h4+ Kxh4 45. Nxf5+ Kg5 46. Rd5 Kf4 47. Ng3 1-0

[Event "V4 Liptov 2017"]
[Site "?"]
[Date "2017.06.21"]
[Round "1.3"]
[White "Kopcova, Ludmila"]
[Black "Tomcikova, Zuzana"]
[Result "1/2-1/2"]
[BlackElo "1736"]
[WhiteElo "1980"]
[LiveChessVersion "1.4.8"]

1. e4 {[%clk 1:00:58]} c6 {[%clk 1:00:51]} 2. d4 {[%clk 1:01:20]} d5
{[%clk 1:01:16]} 3. Nc3 {[%clk 1:01:25]} dxe4 {[%clk 1:01:08]} 4. Nxe4
{[%clk 1:01:49]} Nf6 {[%clk 0:59:40]} 5. Nxf6+ {[%clk 1:01:50]} gxf6
{[%clk 1:00:03]} 6. c3 {[%clk 0:59:20]} Bf5 {[%clk 1:00:09]} 7. Bf4
{[%clk 0:58:02]} e6 {[%clk 1:00:12]} 8. Nf3 {[%clk 0:56:03]} Bd6 {[%clk 0:59:25]}
9. Bxd6 {[%clk 0:54:33]} Qxd6 {[%clk 0:59:07]} 10. Bd3 {[%clk 0:54:06]} Bg6
{[%clk 0:58:29]} 11. Bxg6 {[%clk 0:53:29]} hxg6 {[%clk 0:58:35]} 12. Qb3
{[%clk 0:52:02]} Qc7 {[%clk 0:58:16]} 13. O-O-O {[%clk 0:51:47]} Nd7
{[%clk 0:58:17]} 14. Kb1 {[%clk 0:51:28]} O-O-O {[%clk 0:58:08]} 15. h4
{[%clk 0:49:43]} Rh5 {[%clk 0:56:21]} 16. g3 {[%clk 0:46:33]} Nb6
{[%clk 0:54:09]} 17. Nd2 {[%clk 0:43:52]} c5 {[%clk 0:46:59]} 18. dxc5
{[%clk 0:41:19]} Qxc5 {[%clk 0:45:43]} 19. Ne4 {[%clk 0:38:24]} Qe7
{[%clk 0:45:24]} 20. Rxd8+ {[%clk 0:29:58]} Qxd8 {[%clk 0:45:21]} 21. Rd1
{[%clk 0:29:56]} Rd5 {[%clk 0:41:51]} 22. Rxd5 {[%clk 0:29:18]} Qxd5
{[%clk 0:40:04]} 23. Qxd5 {[%clk 0:28:49]} Nxd5 {[%clk 0:38:34]} 24. Nd6+
{[%clk 0:25:06]} Kc7 {[%clk 0:38:37]} 25. Nxf7 {[%clk 0:25:22]} Kd7
{[%clk 0:37:04]} 26. Nh6 {[%clk 0:24:58]} f5 {[%clk 0:36:09]} 27. Nf7
{[%clk 0:24:09]} Ne7 {[%clk 0:34:24]} 28. Kc2 {[%clk 0:21:26]} b6
{[%clk 0:33:14]} 29. Kd3 {[%clk 0:20:27]} Nc6 {[%clk 0:30:53]} 30. b3
{[%clk 0:17:28]} Ke7 {[%clk 0:29:55]} 31. Ng5 {[%clk 0:17:47]} Kd6
{[%clk 0:29:04]} 32. Ke3 {[%clk 0:15:49]} e5 {[%clk 0:27:51]} 33. f3
{[%clk 0:14:38]} Ne7 {[%clk 0:27:35]} 34. Kd3 {[%clk 0:08:47]} Kd5
{[%clk 0:25:55]} 35. g4 {[%clk 0:07:40]} b5 {[%clk 0:24:47]} 36. h5
{[%clk 0:06:12]} gxh5 {[%clk 0:20:55]} 37. gxh5 {[%clk 0:06:34]} Ng8
{[%clk 0:21:19]} 38. c4+ {[%clk 0:03:05]} Kc5 {[%clk 0:17:06]} 39. cxb5
{[%clk 0:03:13]} Kxb5 {[%clk 0:17:26]} 40. Nf7 {[%clk 0:03:37]} Nf6
{[%clk 0:17:39]} 41. h6 {[%clk 0:03:00]} e4+ {[%clk 0:17:53]} 42. fxe4
{[%clk 0:03:22]} fxe4+ {[%clk 0:18:14]} 43. Kd4 {[%clk 0:03:38]} Kb4
{[%clk 0:17:39]} 44. Ng5 {[%clk 0:02:01]} e3 {[%clk 0:17:59]} 45. Nf3
{[%clk 0:01:58]} Ka3 {[%clk 0:17:24]} 46. Kd3 {[%clk 0:01:01]} Kxa2
{[%clk 0:17:36]} 47. b4 {[%clk 0:00:59]} Ka3 {[%clk 0:17:47]} 48. b5
{[%clk 0:00:58]} Ka4 {[%clk 0:18:08]} 49. Nd4 {[%clk 0:01:07]} Ka5
{[%clk 0:17:56]} 50. Ke2 {[%clk 0:01:06]} a6 {[%clk 0:17:01]} 51. bxa6
{[%clk 0:01:28]} Kxa6 {[%clk 0:17:23]} 52. Nf5 {[%clk 0:01:40]} Kb6
{[%clk 0:17:30]} 53. Nxe3 {[%clk 0:01:49]} Kc6 {[%clk 0:17:43]} 54. Kf3
{[%clk 0:02:08]} Kd6 {[%clk 0:17:50]} 55. Kf4 {[%clk 0:02:28]} Ke6
{[%clk 0:17:28]} 56. Kg5 {[%clk 0:02:38]} Kf7 {[%clk 0:17:38]} 57. Nc4
{[%clk 0:02:39]} Nh7+ {[%clk 0:13:17]} 58. Kf5 {[%clk 0:02:48]} Nf8
{[%clk 0:12:47]} 59. Ne5+ {[%clk 0:02:02]} Kg8 {[%clk 0:13:04]} 60. Ng4
{[%clk 0:01:34]} Kh7 {[%clk 0:12:30]} 61. Kf6 {[%clk 0:01:39]} Nd7+
{[%clk 0:10:51]} 62. Ke7 {[%clk 0:01:20]} Ne5 {[%clk 0:11:00]} 63. Nxe5
{[%clk 0:01:42]} Kxh6 {[%clk 0:11:25]} 1/2-1/2

[Event "V4 Liptov 2017"]
[Site "?"]
[Date "2017.06.21"]
[Round "1.4"]
[White "Buco, Martin"]
[Black "Vavrinkova, Marie"]
[Result "1-0"]
[BlackElo "1104"]
[WhiteElo "1708"]
[LiveChessVersion "1.4.8"]

1. e4 {[%clk 1:00:58]} e5 {[%clk 1:00:52]} 2. Nf3 {[%clk 1:01:27]} Nf6
{[%clk 1:01:11]} 3. Nxe5 {[%clk 1:01:54]} d6 {[%clk 1:01:25]} 4. Nf3
{[%clk 1:02:22]} Nxe4 {[%clk 1:01:23]} 5. Nc3 {[%clk 1:02:51]} Nxc3
{[%clk 1:01:15]} 6. dxc3 {[%clk 1:03:19]} Be7 {[%clk 1:01:12]} 7. Bf4
{[%clk 1:03:04]} O-O {[%clk 1:00:25]} 8. Bd3 {[%clk 1:03:03]} Bg4
{[%clk 0:58:49]} 9. h3 {[%clk 1:02:22]} Be6 {[%clk 0:57:16]} 10. Qd2
{[%clk 1:00:08]} Nc6 {[%clk 0:51:47]} 11. O-O-O {[%clk 0:59:16]} h6
{[%clk 0:50:26]} 12. Bxh6 {[%clk 0:54:42]} Bf6 {[%clk 0:49:28]} 13. Bg5
{[%clk 0:52:21]} Bxg5 {[%clk 0:49:08]} 14. Nxg5 {[%clk 0:50:25]} Bd5
{[%clk 0:48:28]} 15. Qf4 {[%clk 0:47:56]} Ne5 {[%clk 0:46:46]} 16. Bh7+
{[%clk 0:47:03]} Kh8 {[%clk 0:46:30]} 17. Qh4 {[%clk 0:41:34]} Ng4
{[%clk 0:44:38]} 18. hxg4 {[%clk 0:41:46]} Qxg5+ {[%clk 0:43:53]} 19. Qxg5
{[%clk 0:42:13]} 1-0

[Event "V4 Liptov 2017"]
[Site "?"]
[Date "2017.06.21"]
[Round "1.5"]
[White "Kulesza, Andrzej"]
[Black "Klementowski, Dawid"]
[Result "1-0"]
[BlackElo "1984"]
[WhiteElo "1670"]
[LiveChessVersion "1.4.8"]

1. e4 {[%clk 1:00:55]} c5 {[%clk 1:00:52]} 2. Nf3 {[%clk 1:01:15]} d6
{[%clk 0:59:39]} 3. d4 {[%clk 1:00:59]} cxd4 {[%clk 0:59:55]} 4. Nxd4
{[%clk 1:01:17]} Nf6 {[%clk 1:00:17]} 5. Nc3 {[%clk 1:01:23]} a6 {[%clk 1:00:43]}
6. Bg5 {[%clk 1:01:20]} e6 {[%clk 0:59:48]} 7. f4 {[%clk 1:01:06]} Be7
{[%clk 1:00:05]} 8. Qf3 {[%clk 1:00:36]} Nbd7 {[%clk 1:00:08]} 9. O-O-O
{[%clk 0:58:46]} h6 {[%clk 0:59:03]} 10. Bh4 {[%clk 0:58:17]} g5 {[%clk 0:58:14]}
11. fxg5 {[%clk 0:57:14]} hxg5 {[%clk 0:49:47]} 12. Bxg5 {[%clk 0:55:48]} Ne5
{[%clk 0:49:58]} 13. Qe2 {[%clk 0:56:04]} Bd7 {[%clk 0:44:23]} 14. Nf3
{[%clk 0:53:48]} Nxf3 {[%clk 0:35:57]} 15. gxf3 {[%clk 0:53:29]} Nxe4
{[%clk 0:34:53]} 16. Bxe7 {[%clk 0:53:52]} Nxc3 {[%clk 0:35:19]} 17. Bxd8
{[%clk 0:54:12]} Nxe2+ {[%clk 0:35:43]} 18. Bxe2 {[%clk 0:54:34]} Rxd8
{[%clk 0:36:09]} 19. Rxd6 {[%clk 0:54:54]} Ke7 {[%clk 0:36:36]} 20. Rd2
{[%clk 0:55:11]} Rh3 {[%clk 0:36:56]} 21. Bf1 {[%clk 0:53:52]} Rh4
{[%clk 0:35:39]} 22. Bg2 {[%clk 0:53:27]} Rdh8 {[%clk 0:34:43]} 23. f4
{[%clk 0:53:01]} Rxf4 {[%clk 0:32:53]} 24. Bxb7 {[%clk 0:52:59]} Rb4
{[%clk 0:32:26]} 25. Bf3 {[%clk 0:52:49]} Rh3 {[%clk 0:32:07]} 26. Bg2
{[%clk 0:52:42]} Rhh4 {[%clk 0:32:21]} 27. c3 {[%clk 0:52:12]} Rbf4
{[%clk 0:30:56]} 28. b3 {[%clk 0:49:10]} e5 {[%clk 0:30:39]} 29. Rf1
{[%clk 0:46:50]} Rfg4 {[%clk 0:28:16]} 30. Bd5 {[%clk 0:45:01]} f5
{[%clk 0:28:02]} 31. Bb7 {[%clk 0:44:23]} a5 {[%clk 0:28:13]} 32. Rfd1
{[%clk 0:42:37]} Be6 {[%clk 0:28:02]} 33. c4 {[%clk 0:42:34]} e4 {[%clk 0:27:24]}
34. c5 {[%clk 0:42:25]} e3 {[%clk 0:27:21]} 35. Re2 {[%clk 0:42:26]} f4
{[%clk 0:27:35]} 36. c6 {[%clk 0:42:07]} Rg8 {[%clk 0:26:52]} 37. Rc2
{[%clk 0:40:32]} Rhh8 {[%clk 0:25:12]} 38. c7 {[%clk 0:40:03]} Rf8
{[%clk 0:24:43]} 39. Rf1 {[%clk 0:37:28]} Bg4 {[%clk 0:23:30]} 40. Bf3
{[%clk 0:33:56]} Be6 {[%clk 0:16:42]} 41. Bb7 {[%clk 0:26:17]} Bh3
{[%clk 0:15:05]} 42. Rd1 {[%clk 0:20:43]} Bg4 {[%clk 0:10:48]} 43. Rd4
{[%clk 0:20:07]} Bf5 {[%clk 0:10:21]} 44. Rxf4 {[%clk 0:18:36]} Bxc2
{[%clk 0:08:34]} 45. Rxf8 {[%clk 0:18:58]} Rxf8 {[%clk 0:08:54]} 46. Kxc2
{[%clk 0:19:10]} Rf2+ {[%clk 0:08:38]} 47. Kd3 {[%clk 0:19:33]} e2
{[%clk 0:08:58]} 48. Kd2 {[%clk 0:19:50]} 1-0

[Event "V4 Liptov 2017"]
[Site "?"]
[Date "2017.06.21"]
[Round "1.6"]
[White "Cieslak, Wiktoria"]
[Black "Sobelga, Lukasz"]
[Result "1-0"]
[BlackElo "1459"]
[WhiteElo "1991"]
[LiveChessVersion "1.4.8"]

1. e4 {[%clk 1:00:57]} e5 {[%clk 1:00:51]} 2. Nf3 {[%clk 1:01:24]} Nc6
{[%clk 1:01:10]} 3. d4 {[%clk 1:01:50]} exd4 {[%clk 1:01:28]} 4. Nxd4
{[%clk 1:02:17]} Bc5 {[%clk 1:01:22]} 5. Nxc6 {[%clk 1:01:37]} bxc6
{[%clk 1:01:41]} 6. Bc4 {[%clk 1:01:52]} Ne7 {[%clk 1:00:17]} 7. Bxf7+
{[%clk 1:00:07]} Kxf7 {[%clk 0:58:48]} 8. Qh5+ {[%clk 1:00:32]} Ng6
{[%clk 0:58:50]} 9. Qxc5 {[%clk 1:00:51]} Re8 {[%clk 0:53:34]} 10. O-O
{[%clk 1:00:58]} Qh4 {[%clk 0:44:08]} 11. Nc3 {[%clk 0:59:27]} Ne5
{[%clk 0:42:57]} 12. h3 {[%clk 0:54:59]} Re6 {[%clk 0:41:23]} 13. f4
{[%clk 0:53:56]} Ba6 {[%clk 0:36:55]} 14. Rf2 {[%clk 0:51:28]} Nc4
{[%clk 0:33:19]} 15. b3 {[%clk 0:48:03]} Nd6 {[%clk 0:32:28]} 16. f5
{[%clk 0:44:12]} Ree8 {[%clk 0:29:14]} 17. e5 {[%clk 0:41:44]} Ne4
{[%clk 0:23:51]} 18. Nxe4 {[%clk 0:41:49]} Qxe4 {[%clk 0:24:05]} 19. Bb2
{[%clk 0:41:56]} Kg8 {[%clk 0:22:45]} 20. Qa5 {[%clk 0:41:11]} Bc8
{[%clk 0:19:22]} 21. Qxc7 {[%clk 0:40:58]} Rf8 {[%clk 0:18:48]} 22. e6
{[%clk 0:41:14]} Qd5 {[%clk 0:18:00]} 23. Qg3 {[%clk 0:40:37]} g6
{[%clk 0:17:25]} 24. Qc3 {[%clk 0:40:55]} 1-0

[Event "V4 Liptov 2017"]
[Site "?"]
[Date "2017.06.21"]
[Round "1.7"]
[White "Wasik, Mateusz"]
[Black "Galuszka, Tomasz"]
[Result "0-1"]
[BlackElo "1808"]
[WhiteElo "1484"]
[LiveChessVersion "1.4.8"]

1. d4 {[%clk 1:01:28]} d5 {[%clk 1:01:24]} 2. c4 {[%clk 1:01:53]} c6
{[%clk 1:01:49]} 3. Nf3 {[%clk 1:02:20]} Nf6 {[%clk 1:02:13]} 4. Nc3
{[%clk 1:02:46]} e6 {[%clk 1:02:38]} 5. Bg5 {[%clk 1:03:11]} h6 {[%clk 1:03:03]}
6. Bh4 {[%clk 1:03:38]} Nbd7 {[%clk 1:03:10]} 7. e3 {[%clk 1:04:02]} Be7
{[%clk 1:03:25]} 8. Rc1 {[%clk 1:04:08]} O-O {[%clk 1:03:43]} 9. Qc2
{[%clk 1:04:34]} Re8 {[%clk 1:03:02]} 10. Bd3 {[%clk 1:04:02]} a6
{[%clk 0:55:42]} 11. O-O {[%clk 1:03:06]} dxc4 {[%clk 0:44:07]} 12. Bxc4
{[%clk 1:03:27]} Nd5 {[%clk 0:39:41]} 13. Bxe7 {[%clk 1:03:17]} Qxe7
{[%clk 0:39:40]} 14. e4 {[%clk 0:52:37]} Nxc3 {[%clk 0:33:58]} 15. bxc3
{[%clk 0:52:03]} e5 {[%clk 0:29:55]} 16. Rfe1 {[%clk 0:50:26]} b5
{[%clk 0:27:52]} 17. Bf1 {[%clk 0:48:41]} Bb7 {[%clk 0:25:48]} 18. a4
{[%clk 0:46:33]} Rac8 {[%clk 0:23:28]} 19. c4 {[%clk 0:45:58]} b4
{[%clk 0:15:55]} 20. Qb2 {[%clk 0:42:09]} c5 {[%clk 0:13:56]} 21. d5
{[%clk 0:41:52]} Nf8 {[%clk 0:13:12]} 22. h4 {[%clk 0:41:25]} Ng6
{[%clk 0:12:25]} 23. g3 {[%clk 0:41:18]} Rcd8 {[%clk 0:12:05]} 24. Bh3
{[%clk 0:41:00]} Qd6 {[%clk 0:11:17]} 25. Re3 {[%clk 0:39:03]} Bc8
{[%clk 0:10:45]} 26. Bxc8 {[%clk 0:36:51]} Rxc8 {[%clk 0:11:11]} 27. h5
{[%clk 0:36:31]} Nf8 {[%clk 0:10:53]} 28. Nh4 {[%clk 0:36:21]} Rcd8
{[%clk 0:05:38]} 29. Nf5 {[%clk 0:34:53]} Qf6 {[%clk 0:05:48]} 30. f4
{[%clk 0:33:48]} Nd7 {[%clk 0:03:58]} 31. Qg2 {[%clk 0:31:12]} Kh7
{[%clk 0:03:17]} 32. Qh2 {[%clk 0:29:22]} a5 {[%clk 0:02:53]} 33. Rf1
{[%clk 0:23:39]} Nb6 {[%clk 0:02:11]} 34. Qc2 {[%clk 0:23:13]} Nd7
{[%clk 0:01:09]} 35. Rf2 {[%clk 0:22:15]} Kh8 {[%clk 0:00:57]} 36. fxe5
{[%clk 0:15:32]} Qxe5 {[%clk 0:01:16]} 37. Nh4 {[%clk 0:13:03]} Rf8
{[%clk 0:01:15]} 38. Rxf7 {[%clk 0:13:19]} Qa1+ {[%clk 0:01:21]} 39. Kh2
{[%clk 0:13:06]} Rxf7 {[%clk 0:01:42]} 40. Ng6+ {[%clk 0:13:22]} Kg8
{[%clk 0:01:19]} 41. e5 {[%clk 0:13:51]} Qf1 {[%clk 0:01:15]} 42. Re2
{[%clk 0:13:44]} Nxe5 {[%clk 0:00:48]} 43. Nxe5 {[%clk 0:13:56]} Re8
{[%clk 0:01:00]} 44. Qe4 {[%clk 0:10:30]} Rf2+ {[%clk 0:00:52]} 45. Rxf2
{[%clk 0:10:57]} Qxf2+ {[%clk 0:01:14]} 46. Kh3 {[%clk 0:11:19]} Qf6
{[%clk 0:01:13]} 47. Qg6 {[%clk 0:10:21]} Qxe5 {[%clk 0:01:25]} 48. d6
{[%clk 0:10:40]} Qe6+ {[%clk 0:01:44]} 0-1

[Event "V4 Liptov 2017"]
[Site "?"]
[Date "2017.06.21"]
[Round "1.8"]
[White "Adamczyk, Zuzanna"]
[Black "Waszczuk, Patrycja"]
[Result "0-1"]
[BlackElo "1774"]
[WhiteElo "1753"]
[LiveChessVersion "1.4.8"]

1. e4 {[%clk 1:00:49]} c5 {[%clk 1:00:44]} 2. Nf3 {[%clk 1:00:54]} d6
{[%clk 1:00:46]} 3. d4 {[%clk 1:00:49]} cxd4 {[%clk 1:01:09]} 4. Nxd4
{[%clk 1:01:10]} Nf6 {[%clk 1:01:29]} 5. Nc3 {[%clk 1:01:15]} a6 {[%clk 1:01:30]}
6. Bg5 {[%clk 1:00:39]} e6 {[%clk 1:01:46]} 7. f4 {[%clk 1:00:03]} h6
{[%clk 1:02:04]} 8. Bh4 {[%clk 0:58:22]} Qb6 {[%clk 1:02:11]} 9. a3
{[%clk 0:57:36]} Qc7 {[%clk 1:00:45]} 10. Qd2 {[%clk 0:54:35]} Nbd7
{[%clk 0:59:30]} 11. Be2 {[%clk 0:51:08]} Be7 {[%clk 0:57:57]} 12. Bf2
{[%clk 0:49:08]} Nc5 {[%clk 0:57:23]} 13. Bf3 {[%clk 0:47:55]} e5
{[%clk 0:56:22]} 14. Nde2 {[%clk 0:42:09]} b5 {[%clk 0:47:28]} 15. O-O-O
{[%clk 0:31:36]} Bb7 {[%clk 0:47:02]} 16. Qe3 {[%clk 0:26:31]} Rc8
{[%clk 0:44:26]} 17. Rd2 {[%clk 0:23:48]} Qa5 {[%clk 0:40:32]} 18. fxe5
{[%clk 0:16:10]} dxe5 {[%clk 0:40:31]} 19. h4 {[%clk 0:09:50]} b4
{[%clk 0:38:20]} 20. Nd5 {[%clk 0:08:36]} Bxd5 {[%clk 0:38:22]} 21. exd5
{[%clk 0:08:28]} bxa3 {[%clk 0:36:09]} 22. bxa3 {[%clk 0:07:45]} Nce4
{[%clk 0:29:09]} 23. Bxe4 {[%clk 0:05:31]} Qxa3+ {[%clk 0:28:49]} 24. Kd1
{[%clk 0:05:12]} Qxe3 {[%clk 0:28:55]} 25. Bxe3 {[%clk 0:05:34]} Nxe4
{[%clk 0:29:22]} 26. Rd3 {[%clk 0:05:24]} O-O {[%clk 0:28:25]} 27. g3
{[%clk 0:04:07]} Bc5 {[%clk 0:28:04]} 28. Bxc5 {[%clk 0:04:00]} Rxc5
{[%clk 0:28:02]} 29. Rf1 {[%clk 0:03:59]} Rd8 {[%clk 0:28:19]} 30. Re3
{[%clk 0:03:12]} Rcxd5+ {[%clk 0:28:20]} 31. Kc1 {[%clk 0:03:26]} Nd2
{[%clk 0:28:33]} 32. Re1 {[%clk 0:03:09]} Ra5 {[%clk 0:26:01]} 33. Nc3
{[%clk 0:02:53]} Nc4 {[%clk 0:26:19]} 34. Re4 {[%clk 0:02:42]} Ra1+
{[%clk 0:26:32]} 35. Nb1 {[%clk 0:03:05]} Rb8 {[%clk 0:26:36]} 36. Rxc4
{[%clk 0:01:03]} Rbxb1+ {[%clk 0:26:59]} 0-1

[Event "V4 Liptov 2017"]
[Site "?"]
[Date "2017.06.21"]
[Round "1.9"]
[White "Ochmyt, Jakub"]
[Black "Sivcak, Matej"]
[Result "1/2-1/2"]
[BlackElo "1743"]
[WhiteElo "1711"]
[LiveChessVersion "1.4.8"]

1. d4 {[%clk 1:00:52]} d5 {[%clk 1:00:47]} 2. c4 {[%clk 1:00:53]} c6
{[%clk 1:01:09]} 3. Nc3 {[%clk 1:00:56]} Nf6 {[%clk 0:58:55]} 4. Nf3
{[%clk 0:59:32]} e6 {[%clk 0:56:08]} 5. Bg5 {[%clk 0:57:58]} Nbd7
{[%clk 0:53:58]} 6. cxd5 {[%clk 0:55:19]} exd5 {[%clk 0:53:59]} 7. g3
{[%clk 0:52:24]} Bd6 {[%clk 0:52:58]} 8. Bg2 {[%clk 0:52:03]} h6 {[%clk 0:51:52]}
9. Bxf6 {[%clk 0:48:38]} Nxf6 {[%clk 0:51:49]} 10. O-O {[%clk 0:48:45]} Bf5
{[%clk 0:44:47]} 11. Rc1 {[%clk 0:39:04]} Qd7 {[%clk 0:36:15]} 12. Re1
{[%clk 0:34:22]} h5 {[%clk 0:31:10]} 13. h4 {[%clk 0:25:53]} O-O {[%clk 0:23:55]}
14. Ng5 {[%clk 0:23:15]} Bb4 {[%clk 0:17:45]} 15. e4 {[%clk 0:16:01]} Bxc3
{[%clk 0:16:44]} 16. bxc3 {[%clk 0:15:51]} dxe4 {[%clk 0:16:00]} 17. Nxe4
{[%clk 0:14:52]} Nxe4 {[%clk 0:11:58]} 18. Bxe4 {[%clk 0:15:15]} Rfe8
{[%clk 0:10:57]} 19. Bf3 {[%clk 0:09:49]} Bg4 {[%clk 0:09:29]} 20. Bxg4
{[%clk 0:09:20]} Rxe1+ {[%clk 0:08:09]} 21. Qxe1 {[%clk 0:09:39]} hxg4
{[%clk 0:08:34]} 22. Rc2 {[%clk 0:09:13]} Re8 {[%clk 0:08:29]} 23. Re2
{[%clk 0:09:13]} Rxe2 {[%clk 0:08:20]} 24. Qxe2 {[%clk 0:09:41]} g6
{[%clk 0:08:36]} 25. Qe5 {[%clk 0:09:01]} a6 {[%clk 0:07:24]} 26. Kf1
{[%clk 0:08:28]} f5 {[%clk 0:07:02]} 27. Ke2 {[%clk 0:07:28]} Kf7
{[%clk 0:06:22]} 28. Kd3 {[%clk 0:06:45]} b5 {[%clk 0:04:23]} 29. Ke3
{[%clk 0:04:06]} Qd5 {[%clk 0:01:59]} 30. Kf4 {[%clk 0:02:17]} Qxa2
{[%clk 0:00:38]} 31. Qc7+ {[%clk 0:02:36]} Kf6 {[%clk 0:00:33]} 32. Qe5+
{[%clk 0:02:29]} Kf7 {[%clk 0:00:47]} 33. Qc7+ {[%clk 0:02:58]} Kf6
{[%clk 0:00:44]} 34. Qe5+ {[%clk 0:03:22]} 1/2-1/2

[Event "V4 Liptov 2017"]
[Site "?"]
[Date "2017.06.21"]
[Round "1.10"]
[White "Sulkowski, Dawid"]
[Black "Szotkowski, David"]
[Result "0-1"]
[BlackElo "1901"]
[WhiteElo "1466"]
[LiveChessVersion "1.4.8"]

1. e4 {[%clk 1:00:56]} c5 {[%clk 1:00:35]} 2. Nf3 {[%clk 1:01:13]} d6
{[%clk 1:00:45]} 3. d4 {[%clk 1:01:33]} cxd4 {[%clk 1:01:07]} 4. Nxd4
{[%clk 1:01:59]} Nf6 {[%clk 1:01:26]} 5. Nc3 {[%clk 1:02:13]} a6 {[%clk 1:01:31]}
6. a4 {[%clk 1:01:25]} e5 {[%clk 1:01:32]} 7. Nf3 {[%clk 1:00:27]} Be7
{[%clk 1:01:01]} 8. Bc4 {[%clk 0:59:44]} Be6 {[%clk 0:59:50]} 9. Qd3
{[%clk 0:53:23]} O-O {[%clk 0:59:22]} 10. O-O {[%clk 0:53:20]} Nbd7
{[%clk 0:58:49]} 11. Be3 {[%clk 0:51:19]} Qc7 {[%clk 0:48:39]} 12. Nd5
{[%clk 0:46:29]} Bxd5 {[%clk 0:48:21]} 13. Bxd5 {[%clk 0:46:08]} Nc5
{[%clk 0:47:33]} 14. Bxc5 {[%clk 0:42:45]} dxc5 {[%clk 0:40:16]} 15. Rad1
{[%clk 0:39:29]} Nxd5 {[%clk 0:37:35]} 16. exd5 {[%clk 0:36:07]} Qd6
{[%clk 0:32:51]} 17. c4 {[%clk 0:35:06]} f5 {[%clk 0:32:10]} 18. Qe3
{[%clk 0:33:35]} e4 {[%clk 0:30:50]} 19. Ng5 {[%clk 0:31:12]} f4 {[%clk 0:29:05]}
20. Nxe4 {[%clk 0:26:49]} fxe3 {[%clk 0:29:20]} 21. Nxd6 {[%clk 0:27:10]} exf2+
{[%clk 0:29:45]} 22. Rxf2 {[%clk 0:27:34]} Bxd6 {[%clk 0:30:09]} 23. Re2
{[%clk 0:27:28]} Rae8 {[%clk 0:25:08]} 24. Red2 {[%clk 0:27:28]} Bf4
{[%clk 0:24:32]} 25. Rd3 {[%clk 0:27:41]} Be3+ {[%clk 0:24:15]} 26. Kh1
{[%clk 0:27:55]} Bd4 {[%clk 0:23:51]} 27. R3d2 {[%clk 0:27:58]} Rf6
{[%clk 0:23:31]} 28. h3 {[%clk 0:28:12]} Rf2 {[%clk 0:20:59]} 29. Rxf2
{[%clk 0:28:02]} Bxf2 {[%clk 0:21:23]} 0-1

[Event "V4 Liptov 2017"]
[Site "?"]
[Date "2017.06.21"]
[Round "1.11"]
[White "Demko, Robert"]
[Black "Niczyporuk, Jakub"]
[Result "1-0"]
[BlackElo "1396"]
[WhiteElo "1730"]
[LiveChessVersion "1.4.8"]

1. d4 {[%clk 1:00:30]} Nf6 {[%clk 1:00:55]} 2. c4 {[%clk 1:00:47]} g6
{[%clk 1:01:19]} 3. Nc3 {[%clk 1:01:09]} Bg7 {[%clk 1:01:39]} 4. e4
{[%clk 1:01:31]} d6 {[%clk 1:01:41]} 5. f3 {[%clk 1:01:36]} Nbd7 {[%clk 1:01:51]}
6. Nge2 {[%clk 1:01:31]} b6 {[%clk 1:01:37]} 7. Be3 {[%clk 1:01:36]} O-O
{[%clk 1:01:30]} 8. Qd2 {[%clk 1:01:44]} c5 {[%clk 1:01:13]} 9. d5
{[%clk 1:02:02]} Rb8 {[%clk 0:59:24]} 10. g4 {[%clk 1:01:30]} Ne5
{[%clk 0:59:20]} 11. Ng1 {[%clk 0:58:15]} e6 {[%clk 0:54:11]} 12. b3
{[%clk 0:49:45]} Bb7 {[%clk 0:53:07]} 13. Bh6 {[%clk 0:45:39]} a6
{[%clk 0:51:41]} 14. h4 {[%clk 0:44:39]} Kh8 {[%clk 0:49:06]} 15. Bxg7+
{[%clk 0:43:53]} Kxg7 {[%clk 0:49:30]} 16. h5 {[%clk 0:43:42]} Rh8
{[%clk 0:48:34]} 17. Be2 {[%clk 0:41:42]} exd5 {[%clk 0:47:42]} 18. cxd5
{[%clk 0:40:29]} b5 {[%clk 0:47:37]} 19. Nh3 {[%clk 0:38:26]} Qc7
{[%clk 0:46:05]} 20. Qf4 {[%clk 0:36:39]} c4 {[%clk 0:45:04]} 21. h6+
{[%clk 0:36:48]} Kf8 {[%clk 0:45:02]} 22. Qxf6 {[%clk 0:36:55]} Rg8
{[%clk 0:43:53]} 23. b4 {[%clk 0:37:03]} a5 {[%clk 0:44:12]} 24. Ng5
{[%clk 0:37:03]} Bc8 {[%clk 0:43:25]} 25. Nxh7+ {[%clk 0:35:57]} Ke8
{[%clk 0:43:54]} 26. Qg5 {[%clk 0:35:28]} Rh8 {[%clk 0:43:10]} 27. Nf6+
{[%clk 0:35:40]} Kf8 {[%clk 0:43:26]} 28. h7 {[%clk 0:33:40]} axb4
{[%clk 0:42:33]} 29. Qh6+ {[%clk 0:33:46]} Ke7 {[%clk 0:42:37]} 30. Ng8+
{[%clk 0:33:34]} Kd7 {[%clk 0:42:39]} 31. Qg7 {[%clk 0:31:56]} bxc3 32. Qxh8
{[%clk 0:31:44]} Qa5 {[%clk 0:41:47]} 33. Nf6+ {[%clk 0:31:18]} Kc7
{[%clk 0:42:15]} 34. Ne8+ {[%clk 0:31:26]} Kd7 {[%clk 0:41:31]} 35. Qf8
{[%clk 0:30:12]} c2+ {[%clk 0:41:30]} 36. Kf1 {[%clk 0:30:35]} Rb6
{[%clk 0:41:48]} 37. h8=Q {[%clk 0:30:35]} Qa8 {[%clk 0:39:55]} 38. Nxd6
{[%clk 0:30:13]} Rxd6 {[%clk 0:39:55]} 39. Qd8# {[%clk 0:30:35]} 1-0